000 00753nam a2200229Ia 4500
001 8959
003 GE_BSU
008 181216s||||||||xx |||||||||||||| ||und||
040 _cGE_BSU
080 _a821.353.1–1
100 _aკვიტაიშვილი,ემზარ
245 _aშემოდგომა დამდგარა
245 _bლექსები
245 _cრედ. ე.ფალიანი.მხატვ. დ.დუნდუა
260 _aთბილისი
260 _bსაბჭოთა საქართველო
260 _c1984
300 _a231გვ.20სმ.
653 _aლექსები
653 _aშემოდგომა დამდგარა
942 _cBK
999 _c42264
_d42264